000
00288nam a22001337a 4500
008
170224b xxu||||| |||| 00| 0 eng d
020
_a
0316617512
041
_a
eng
080
_2
3 ED
_a
617
100
_a
5
101
_a
SHS
245
_a
MASTERY OF SURGERY
_c
NYHUS.L.M
942
_2
udc
_c
BK
999
_c
6193
_d
6193